[Event "Skopje op-B"]
[Site "Skopje"]
[Date "2024.12.16"]
[Round "8"]
[White "Karadas, Hena"]
[Black "Glavinac, Goran"]
[Result "0-1"]
[WhiteElo "1887"]
[BlackElo "1936"]
[PlyCount "126"]
[EventDate "2024.12.11"]
[EventType "swiss"]
[EventRounds "9"]
[EventCountry "MKD"]
[SourceTitle "CB52_2024"]
[SourceDate "2024.12.25"]
[SourceVersion "1"]
[SourceVersionDate "2024.12.25"]
[SourceQuality "1"]

1. d4 Nf6 2. c4 c6 3. Nc3 d5 4. Bg5 Nbd7 5. e3 e6 6. cxd5 exd5 7. Bd3 h6 8. Bh4 Be7 9. Qc2 Nh5 10. Bxe7 Qxe7 11. Nge2 Nb6 12. h3 Bd7 13. 0-0 0-0 14. Rae1 Rfe8 15. Nd1 Rac8 16. f3 c5 17. dxc5 Rxc5 18. Qb1 Nc4 19. Bxc4 Rxc4 20. Qd3 Qc5 21. g4 Nf6 22. Nd4 Qc7 23. Qd2 b5 24. Qg2 Qa5 25. a3 b4 26. b3 Rxd4 27. exd4 Rxe1 28. Rxe1 bxa3 29. Re2 Bb5 30. Rd2 a2 31. Rxa2 Qe1+ 32. Kh2 Qxd1 33. Rxa7 Qxd4 34. Ra8+ Kh7 35. Qc2+ Bd3 36. Qd2 Nd7 37. Ra4 Qe5+ 38. f4 Qe2+ 39. Qxe2 Bxe2 40. Ra7 Nf6 41. Kg1 d4 42. Kf2 Bd1 43. b4 Ne4+ 44. Ke1 Bc2 45. Rxf7 d3 46. Rd7 d2+ 47. Rxd2 Nxd2 48. Kxd2 Be4 49. Ke3 Bg2 50. h4 Bc6 51. f5 Kg8 52. g5 Kf7 53. Kd4 Bb5 54. Ke5 Bd3 55. g6+ Ke7 56. h5 Be2 57. f6+ gxf6+ 58. Kf5 Bxh5 59. b5 Bf3 60. b6 Bb7 61. g7 Kf7 62. g8Q+ Kxg8 63. Kxf6 Kh7 0-1

[Event "Skopje op-B"]
[Site "Skopje"]
[Date "2024.12.15"]
[Round "7"]
[White "Glavinac, Goran"]
[Black "Dimitrova, Elena"]
[Result "1/2-1/2"]
[WhiteElo "1936"]
[BlackElo "1998"]
[PlyCount "96"]
[EventDate "2024.12.11"]
[EventType "swiss"]
[EventRounds "9"]
[EventCountry "MKD"]
[SourceTitle "CB52_2024"]
[SourceDate "2024.12.25"]
[SourceVersion "1"]
[SourceVersionDate "2024.12.25"]
[SourceQuality "1"]

1. Nf3 d5 2. d4 Nf6 3. c4 e6 4. g3 Be7 5. Bg2 0-0 6. 0-0 b6 7. cxd5 exd5 8. Nc3 Bb7 9. Bf4 c5 10. Rc1 Nbd7 11. Ne5 Rc8 12. dxc5 Nxc5 13. Nb5 Qe8 14. Nd4 Nh5 15. Be3 g6 16. Bh3 f5 17. Bh6 Ng7 18. Nef3 Bf6 19. Bg5 Qe7 20. Bxf6 Qxf6 21. b4 Nce6 22. Qd2 Rc4 23. e3 Rfc8 24. Nb5 Qe7 25. a3 a6 26. Nbd4 Qc7 27. Ra1 Rc3 28. Rfd1 Qd6 29. Bg2 R3c7 30. Nxe6 Nxe6 31. Nd4 Ng5 32. Ne2 Rc2 33. Qd3 Ne4 34. Rac1 Qc7 35. Bxe4 fxe4 36. Qxc2 Qxc2 37. Rxc2 Rxc2 38. Nf4 Rc3 39. Nxd5 Rxa3 40. Nxb6 Bc6 41. Nc4 Ra4 42. Ne5 Bb5 43. Rb1 Kg7 44. f4 Ra3 45. Kf2 Ra2+ 46. Kg1 Ra3 47. Kf2 Ra2+ 48. Kg1 Ra3 1/2-1/2

[Event "FRM-ch op"]
[Site "Skopje"]
[Date "2024.05.18"]
[Round "9"]
[White "Glavinac, Goran"]
[Black "Petrov, Georgi"]
[Result "1/2-1/2"]
[WhiteElo "1993"]
[BlackElo "2088"]
[PlyCount "141"]
[EventDate "2024.05.11"]
[EventType "swiss"]
[EventRounds "9"]
[EventCountry "MKD"]
[SourceTitle "CBM 220 Extra"]
[Source "ChessBase"]
[SourceDate "2024.07.31"]
[SourceVersion "1"]
[SourceVersionDate "2024.07.31"]
[SourceQuality "1"]

1. d4 Nf6 2. c4 e6 3. Nf3 b6 4. g3 Bb7 5. Bg2 Bb4+ 6. Bd2 Qe7 7. 0-0 0-0 8. Nc3 d6 9. Qc2 Bxc3 10. Bxc3 Be4 11. Qd2 Nbd7 12. Qe3 h6 13. Rfd1 Rac8 14. Bh3 Rfe8 15. Nd2 Bf5 16. Bg2 e5 17. dxe5 Nxe5 18. Qf4 Bc2 19. Rdc1 g5 20. Qe3 Nfg4 21. Qd4 c5 22. Qd5 Nf6 23. Qb7 Rc7 24. Qa6 Bg6 25. h3 Nc6 26. Qa4 Ne4 27. Nxe4 Bxe4 28. Bf1 Ne5 29. Bxe5 dxe5 30. Rd1 Bc6 31. Qc2 Rd8 32. Rxd8+ Qxd8 33. Rd1 Rd7 34. Rxd7 Qxd7 35. Bg2 Bxg2 36. Kxg2 Qc6+ 37. Kg1 e4 38. e3 Kg7 39. b3 Qe6 40. Kg2 Qf5 41. Qd1 Kg6 42. g4 Qf6 43. Qe2 Kg7 44. Kg3 Kf8 45. Kg2 Ke7 46. Qd1 Qd6 47. Qc2 Qe5 48. a4 Kd7 49. a5 f5 50. axb6 axb6 51. gxf5 Qxf5 52. Qd1+ Ke7 53. Qh5 Qe6 54. Qg4 Kf6 55. Qd1 Kg6 56. Qg4 Kf6 57. Qd1 Ke7 58. Qa1 Kd7 59. Qa7+ Ke8 60. Qb8+ Kf7 61. Qg3 Kg6 62. h4 Qf6 63. Qg4 Qf5 64. h5+ Kf6 65. Qxf5+ Kxf5 66. Kg3 Kf6 67. Kh3 Kf5 68. Kg3 Ke5 69. Kh3 Ke6 70. Kg3 Kf5 71. Kh3 1/2-1/2

[Event "FRM-ch op"]
[Site "Skopje"]
[Date "2024.05.12"]
[Round "2"]
[White "Glavinac, Goran"]
[Black "Krstevski, Pavel"]
[Result "1-0"]
[WhiteElo "1993"]
[BlackElo "1638"]
[PlyCount "99"]
[EventDate "2024.05.11"]
[EventType "swiss"]
[EventRounds "9"]
[EventCountry "MKD"]
[SourceTitle "CBM 220 Extra"]
[Source "ChessBase"]
[SourceDate "2024.07.31"]
[SourceVersion "1"]
[SourceVersionDate "2024.07.31"]
[SourceQuality "1"]

1. d4 d5 2. c4 e6 3. Nf3 Nf6 4. g3 Be7 5. Bg2 0-0 6. 0-0 b6 7. cxd5 exd5 8. Nc3 Bb7 9. Bf4 c6 10. Rc1 Nbd7 11. a3 Re8 12. b4 a6 13. Qb3 Bf8 14. Rfe1 h6 15. a4 b5 16. a5 Qe7 17. Rb1 Nh5 18. Bd2 Nhf6 19. Qc2 Ne4 20. Bf4 Qd8 21. Nxe4 dxe4 22. Nd2 Nf6 23. Nxe4 Nxe4 24. Bxe4 Qxd4 25. Bf3 Qf6 26. Be3 Red8 27. Bc5 Bxc5 28. Qxc5 Qd4 29. Rec1 Qxc5 30. Rxc5 Rd6 31. e3 Rc8 32. Rbc1 Kf8 33. Kf1 g6 34. Rd1 Rxd1+ 35. Bxd1 Rd8 36. Ke2 Rd6 37. Bc2 Ke7 38. Rc3 Kd7 39. e4 Ke7 40. Ke3 f6 41. f4 Kd7 42. Rd3 Ke7 43. Rxd6 Kxd6 44. Kd4 g5 45. Bb3 Bc8 46. e5+ fxe5+ 47. fxe5+ Kc7 48. Kc5 Bd7 49. Bf7 Kd8 50. Kd6 1-0

[Event "FRM-ch op"]
[Site "Skopje"]
[Date "2024.05.11"]
[Round "1"]
[White "Tasevski, Daniel"]
[Black "Glavinac, Goran"]
[Result "1/2-1/2"]
[WhiteElo "1630"]
[BlackElo "1993"]
[PlyCount "74"]
[EventDate "2024.05.11"]
[EventType "swiss"]
[EventRounds "9"]
[EventCountry "MKD"]
[SourceTitle "CBM 220 Extra"]
[Source "ChessBase"]
[SourceDate "2024.07.31"]
[SourceVersion "1"]
[SourceVersionDate "2024.07.31"]
[SourceQuality "1"]

1. d4 Nf6 2. c4 e6 3. Nc3 Bb4 4. a3 Bxc3+ 5. bxc3 c5 6. Bg5 Qa5 7. Qc2 Nc6 8. Bxf6 gxf6 9. d5 Ne7 10. e4 d6 11. f4 f5 12. e5 dxe5 13. dxe6 e4 14. exf7+ Kxf7 15. Be2 h5 16. Nh3 Ng6 17. 0-0 Bd7 18. Qd2 Ke7 19. Rfd1 Qc7 20. Qe3 h4 21. Rd5 b6 22. Rad1 Be6 23. R5d2 Rad8 24. Rxd8 Rxd8 25. Rxd8 Qxd8 26. Kf2 Qg8 27. Ng5 Bxc4 28. Nxe4 fxe4 29. Qxe4+ Be6 30. f5 Qf7 31. Qxe6+ Qxe6 32. fxe6 Kxe6 33. Kf3 Ne5+ 34. Kf4 Kf6 35. Ke4 Ke6 36. Kf4 Kf6 37. Ke4 Ke6 1/2-1/2

[Event "Skopje op-A"]
[Site "Skopje"]
[Date "2023.12.12"]
[Round "9"]
[White "Karadas, Hena"]
[Black "Glavinac, Goran"]
[Result "1/2-1/2"]
[WhiteElo "1477"]
[BlackElo "2034"]
[PlyCount "48"]
[EventDate "2023.12.06"]
[EventType "swiss"]
[EventRounds "9"]
[EventCountry "MKD"]
[SourceTitle "EXT 2025"]
[Source "ChessBase"]
[SourceDate "2024.10.14"]
[SourceVersion "1"]
[SourceVersionDate "2024.10.14"]
[SourceQuality "1"]

1. d4 d5 2. Bf4 c5 3. e3 Nc6 4. Nf3 Nf6 5. c3 Qb6 6. Qb3 c4 7. Qc2 Bf5 8. Qc1 e6 9. Be2 h6 10. Nbd2 Be7 11. h3 0-0 12. 0-0 Rfc8 13. Re1 Qd8 14. Ne5 Nxe5 15. Bxe5 b5 16. Bf3 Ne4 17. Bxe4 dxe4 18. Qc2 Qd5 19. f3 Bh4 20. g3 f6 21. fxe4 fxe5 22. gxh4 Bg6 23. exd5 Bxc2 24. dxe6 e4 1/2-1/2

[Event "Skopje op-A"]
[Site "Skopje"]
[Date "2023.12.10"]
[Round "6"]
[White "Djokic, Mihailo"]
[Black "Glavinac, Goran"]
[Result "1/2-1/2"]
[WhiteElo "2170"]
[BlackElo "2034"]
[PlyCount "82"]
[EventDate "2023.12.06"]
[EventType "swiss"]
[EventRounds "9"]
[EventCountry "MKD"]
[SourceTitle "CBM 217 Extra"]
[Source "ChessBase"]
[SourceDate "2024.01.31"]
[SourceVersion "1"]
[SourceVersionDate "2024.01.31"]
[SourceQuality "1"]

1. e4 e5 2. Nf3 Nf6 3. Nc3 Nc6 4. Bb5 Bb4 5. 0-0 0-0 6. d3 d6 7. Bg5 Ne7 8. Ne2 c6 9. Bc4 Ng6 10. c3 Ba5 11. Ng3 h6 12. Be3 d5 13. Bb3 Bb6 14. h3 Re8 15. Re1 Be6 16. Bc2 dxe4 17. dxe4 Bxe3 18. Rxe3 Qxd1+ 19. Rxd1 Rad8 20. Ree1 Rxd1 21. Rxd1 Nd7 22. Bb3 Nc5 23. Bxe6 Nxe6 24. Rd7 Rb8 25. b4 Ngf8 26. Rd2 f6 27. Nf5 Rd8 28. Nd6 Rd7 29. a4 Ng5 30. Nxg5 hxg5 31. Kf1 Ne6 32. g3 a5 33. Nc4 Rxd2 34. Nxd2 axb4 35. cxb4 Nd4 36. a5 Kf7 37. Nc4 Ke7 38. Ne3 Kd6 39. Nc4+ Kc7 40. Na3 Nb3 41. Nc4 Nd4 1/2-1/2

[Event "Skopje Karposh CC-ch"]
[Site "Skopje"]
[Date "2023.07.19"]
[Round "5"]
[White "Glavinac, Goran"]
[Black "Nikolovski, David"]
[Result "1/2-1/2"]
[WhiteElo "2019"]
[BlackElo "1845"]
[PlyCount "162"]
[EventDate "2023.07.16"]
[EventType "tourn"]
[EventRounds "11"]
[EventCountry "MKD"]
[SourceTitle "CBM 215 Extra"]
[Source "ChessBase"]
[SourceDate "2023.09.30"]
[SourceVersion "1"]
[SourceVersionDate "2023.09.30"]
[SourceQuality "1"]

1. Nf3 d5 2. d4 Bf5 3. c4 e6 4. Nc3 Nc6 5. a3 Nf6 6. Bg5 Be7 7. e3 0-0 8. cxd5 Nxd5 9. Nxd5 Qxd5 10. Bxe7 Nxe7 11. Rc1 c6 12. Bc4 Qd6 13. 0-0 h6 14. Qe2 Be4 15. Nd2 Bd5 16. Bd3 e5 17. e4 Be6 18. dxe5 Qxe5 19. Nf3 Qf6 20. Qe3 Qxb2 21. Nd4 Qxa3 22. e5 Qa5 23. f4 Rad8 24. f5 Qb6 25. fxe6 Qxd4 26. exf7+ Rxf7 27. Qxd4 Rxd4 28. Bc4 Nd5 29. Rfe1 Kf8 30. e6 Rf6 31. Re5 Ke7 32. Bxd5 cxd5 33. Ree1 Rc4 34. Rb1 Rc7 35. Re5 Rxe6 36. Rxd5 Re2 37. Rd3 Rec2 38. Re1+ Kf6 39. Ree3 Rb2 40. Rd6+ Kf5 41. h3 Kf4 42. Rde6 Rb5 43. Kh2 Kg5 44. Kg3 Rf5 45. h4+ Kh5 46. Kh3 Rf6 47. Re7 Rfc6 48. R7e5+ Kg6 49. g3 Rc5 50. Re6+ Kh7 51. Rf3 b5 52. Rf8 Rc8 53. Rf7 R5c7 54. Rf5 Rb7 55. g4 b4 56. g5 hxg5 57. hxg5 b3 58. g6+ Kg8 59. Rfe5 Rbb8 60. Re1 b2 61. Rb1 Kf8 62. Re2 Rc3+ 63. Kh2 Rc6 64. Rbxb2 Rxb2 65. Rxb2 Rc7 66. Ra2 Ke7 67. Ra6 Kd7 68. Kg3 Kc8 69. Kf4 Kb7 70. Re6 a5 71. Kf5 a4 72. Re4 Rc5+ 73. Ke6 Ra5 74. Kf7 a3 75. Re1 Kc6 76. Kxg7 Kd5 77. Kf6 Ra6+ 78. Kf5 Ra7 79. Kf6 Kc4 80. g7 Rxg7 81. Kxg7 Kb3 1/2-1/2

[Event "FRM-chT2"]
[Site "Struga"]
[Date "2023.07.04"]
[Round "7.2"]
[White "Glavinac, Goran"]
[Black "Ilic, Ljubomir"]
[Result "1-0"]
[WhiteElo "2019"]
[BlackElo "2044"]
[PlyCount "111"]
[EventDate "2023.06.30"]
[EventType "team-tourn"]
[EventRounds "7"]
[EventCountry "MKD"]
[SourceTitle "EXT 2024"]
[Source "ChessBase"]
[SourceDate "2023.10.10"]
[SourceVersion "1"]
[SourceVersionDate "2023.10.10"]
[SourceQuality "1"]

1. Nf3 Nf6 2. c4 g6 3. g3 Bg7 4. Bg2 0-0 5. 0-0 d6 6. d4 Nbd7 7. Nc3 c6 8. e4 e5 9. h3 Re8 10. Re1 Qc7 11. Be3 Nf8 12. Qd2 a6 13. dxe5 dxe5 14. c5 Rd8 15. Qc2 Ne6 16. Red1 Rxd1+ 17. Rxd1 Bd7 18. Na4 Rd8 19. Nb6 Bf8 20. b4 Be7 21. Nc4 Be8 22. Ncxe5 a5 23. a3 axb4 24. axb4 Rxd1+ 25. Qxd1 Nd7 26. Nxd7 Bxd7 27. Qa1 Qb8 28. Ne5 Qd8 29. Ng4 f6 30. Qa2 h5 31. Nh2 Kg7 32. Nf3 Nc7 33. Nd4 Qc8 34. Kh2 Ne6 35. Nf3 Nf8 36. Bd4 Be6 37. Qa1 Nd7 38. Bf1 Kf7 39. Nd2 Nf8 40. Nc4 Bxc4 41. Bxc4+ Kg7 42. e5 Nh7 43. f4 Qf5 44. Qf1 Qc2+ 45. Qe2 Qxe2+ 46. Bxe2 fxe5 47. Bxe5+ Bf6 48. Bc4 Bxe5 49. fxe5 Ng5 50. Kg2 Ne4 51. Be6 Nc3 52. Kf3 Kf8 53. Kf4 Kg7 54. Ke3 Na4 55. Kd2 g5 56. Bb3 1-0

[Event "FRM-chT2"]
[Site "Struga"]
[Date "2023.06.30"]
[Round "1.2"]
[White "Simovski, Goran"]
[Black "Glavinac, Goran"]
[Result "1/2-1/2"]
[WhiteElo "2252"]
[BlackElo "2019"]
[PlyCount "35"]
[EventDate "2023.06.30"]
[EventType "team-tourn"]
[EventRounds "7"]
[EventCountry "MKD"]
[SourceTitle "EXT 2024"]
[Source "ChessBase"]
[SourceDate "2023.10.10"]
[SourceVersion "1"]
[SourceVersionDate "2023.10.10"]
[SourceQuality "1"]

1. e4 e6 2. d4 d5 3. exd5 exd5 4. Bd3 Nc6 5. Ne2 Nf6 6. h3 Nb4 7. Bb5+ Bd7 8. Bxd7+ Qxd7 9. c3 Nc6 10. Bf4 Bd6 11. 0-0 0-0 12. Bxd6 Qxd6 13. Qd3 Ne7 14. Nd2 Rfe8 15. Ng3 Ng6 16. Rfe1 a5 17. Nf3 c6 18. a4 1/2-1/2

[Event "FRM-ch op"]
[Site "Skopje"]
[Date "2023.05.11"]
[Round "9"]
[White "Glavinac, Goran"]
[Black "Jovanovski, Zoran"]
[Result "1/2-1/2"]
[WhiteElo "2066"]
[BlackElo "1701"]
[PlyCount "133"]
[EventDate "2023.05.04"]
[EventType "swiss"]
[EventRounds "9"]
[EventCountry "MKD"]
[SourceTitle "CBM 214 Extra"]
[Source "ChessBase"]
[SourceDate "2023.07.31"]
[SourceVersion "1"]
[SourceVersionDate "2023.07.31"]
[SourceQuality "1"]

1. d4 Nf6 2. Nf3 Nc6 3. d5 Nb4 4. Nc3 c6 5. dxc6 bxc6 6. e4 d6 7. a3 Na6 8. b4 Nc7 9. Bd3 e5 10. Bb2 Be7 11. Ne2 0-0 12. Ng3 Nce8 13. c4 Qc7 14. 0-0 a5 15. Bc3 axb4 16. axb4 Rxa1 17. Qxa1 Bg4 18. Nd2 Nd7 19. Nb3 Be6 20. Na5 Nb8 21. Rb1 g6 22. b5 Ng7 23. bxc6 Bc8 24. Qa4 Ne6 25. Qb5 Ba6 26. Qb6 Rc8 27. Qxc7 Nxc7 28. Nf1 Ne6 29. Ne3 Nxc6 30. Nxc6 Rxc6 31. Rb8+ Bf8 32. g3 Kg7 33. h4 Nc5 34. Bc2 Bc8 35. Kg2 h5 36. f4 f6 37. f5 gxf5 38. exf5 e4 39. Bd4 Nd3 40. Bd1 Ne1+ 41. Kf2 Nf3 42. Bxf3 exf3 43. Kxf3 Kf7 44. Ra8 Rc7 45. Ra7 Rxa7 46. Bxa7 Bb7+ 47. Ke2 Bh6 48. Nd5 Bc8 49. Be3 Bf8 50. Bd4 Be7 51. Ne3 Bb7 52. Kd3 Bf3 53. Nd5 Bd8 54. Ke3 Bg4 55. Ke4 Be2 56. Bb6 Be7 57. Kd4 Bg4 58. Ne3 Bf3 59. Bc7 Ke8 60. Bb6 Kd7 61. c5 dxc5+ 62. Bxc5 Bd8 63. Nd5 Ke8 64. Bd6 Kf7 65. Bc7 Be7 66. Nxe7 Kxe7 67. Ke3 1/2-1/2

[Event "FRM-ch op"]
[Site "Skopje"]
[Date "2023.05.09"]
[Round "7"]
[White "Glavinac, Goran"]
[Black "Krstevski, Vladimir"]
[Result "1-0"]
[WhiteElo "2066"]
[BlackElo "1523"]
[PlyCount "119"]
[EventDate "2023.05.04"]
[EventType "swiss"]
[EventRounds "9"]
[EventCountry "MKD"]
[SourceTitle "CBM 214 Extra"]
[Source "ChessBase"]
[SourceDate "2023.07.31"]
[SourceVersion "1"]
[SourceVersionDate "2023.07.31"]
[SourceQuality "1"]

1. d4 d5 2. c4 e6 3. Nf3 Nf6 4. Nc3 Be7 5. Bf4 c5 6. dxc5 Bxc5 7. e3 a6 8. Be2 0-0 9. cxd5 Nxd5 10. Nxd5 Qxd5 11. Qxd5 exd5 12. 0-0 Nc6 13. Rfd1 Ne7 14. Rac1 b6 15. a3 a5 16. Ne5 Rd8 17. Nd3 Ba6 18. Bf3 Bd6 19. Bxd6 Rxd6 20. Nf4 Rad8 21. Rc7 Kf8 22. Be2 Bxe2 23. Nxe2 Rc8 24. Rxc8+ Nxc8 25. Nc3 Ne7 26. Rd4 f6 27. e4 Kf7 28. exd5 Nc6 29. Rd1 Ne5 30. b3 Rd8 31. Nb5 Ke7 32. f4 Nf7 33. Re1+ Kf8 34. Nc7 Rc8 35. Ne6+ Kg8 36. Kf2 Nd6 37. Re3 Rc2+ 38. Re2 Ne4+ 39. Ke3 Rxe2+ 40. Kxe2 Nc3+ 41. Kd3 Nxd5 42. Kd4 Ne7 43. Nc7 Kf7 44. Kc4 Nf5 45. g3 Nd6+ 46. Kd5 Ke7 47. Kc6 Ne4 48. Kxb6 Nd2 49. Kxa5 Nxb3+ 50. Kb6 g5 51. f5 g4 52. Nd5+ Kd6 53. Nxf6 Ke5 54. Nxg4+ Kxf5 55. Nf2 h5 56. a4 Ke5 57. a5 Nxa5 58. Kxa5 Kd4 59. g4 hxg4 60. Nxg4 1-0

[Event "FRM-ch op"]
[Site "Skopje"]
[Date "2022.05.02"]
[Round "5"]
[White "Risteski, Emil"]
[Black "Glavinac, Goran"]
[Result "1-0"]
[WhiteElo "2374"]
[BlackElo "2106"]
[PlyCount "99"]
[EventDate "2022.04.29"]
[EventType "swiss"]
[EventRounds "9"]
[EventCountry "MKD"]
[SourceTitle "CBM 208 Extra"]
[Source "ChessBase"]
[SourceDate "2022.07.31"]
[SourceVersion "1"]
[SourceVersionDate "2022.07.31"]
[SourceQuality "1"]

1. e4 e6 2. d4 d5 3. Nd2 a6 4. Ngf3 c5 5. dxc5 Bxc5 6. Bd3 Nc6 7. c3 Nf6 8. Qe2 Qc7 9. 0-0 Ba7 10. h3 Nh5 11. exd5 Ng3 12. Qe1 Nxf1 13. Bxf1 Ne7 14. dxe6 Bxe6 15. Ng5 Bd5 16. c4 Bc6 17. b3 0-0 18. Bb2 Ng6 19. c5 Qf4 20. Ndf3 Nh4 21. Qc3 Nxf3+ 22. Nxf3 f6 23. Nd4 Bd5 24. Bd3 Rfe8 25. g3 Qc7 26. b4 Qd7 27. Bf5 Qf7 28. a4 Bb8 29. Rd1 Qh5 30. Bg4 Qe5 31. Qd2 Bf7 32. Nf5 Qe4 33. Bxf6 Be5 34. Bxe5 Qxe5 35. Nd6 Rad8 36. Qd4 Qxd4 37. Rxd4 Re7 38. Bf3 Be6 39. Re4 Kf8 40. Rf4+ Kg8 41. Nxb7 Rf8 42. Rxf8+ Kxf8 43. b5 axb5 44. axb5 Bxh3 45. b6 Re5 46. Nd6 Be6 47. b7 Re1+ 48. Kg2 Rb1 49. c6 Ke7 50. c7 1-0

[Event "FRM-chT 29th"]
[Site "Struga"]
[Date "2021.08.19"]
[Round "5"]
[White "Simjanovski, Saso"]
[Black "Glavinac, Goran"]
[Result "1-0"]
[WhiteElo "2261"]
[BlackElo "2103"]
[PlyCount "61"]
[EventDate "2021.08.15"]
[EventType "team-tourn"]
[EventRounds "7"]
[EventCountry "MKD"]
[SourceTitle "CBM 203 Extra"]
[Source "ChessBase"]
[SourceDate "2021.09.30"]
[SourceVersion "1"]
[SourceVersionDate "2021.09.30"]
[SourceQuality "1"]
[WhiteTeam "Skopje MSK Centar"]
[BlackTeam "Skopje Karposh"]
[WhiteTeamCountry "MKD"]
[BlackTeamCountry "MKD"]

1. Nf3 d5 2. g3 g6 3. c4 dxc4 4. Na3 Bg7 5. Nxc4 Nc6 6. Bg2 Nh6 7. 0-0 Nf5 8. Rb1 a5 9. b3 0-0 10. Bb2 Ncd4 11. Nxd4 Nxd4 12. e3 Nb5 13. Bxg7 Kxg7 14. a4 Nd6 15. d4 c6 16. e4 Rb8 17. Qd2 b6 18. Ne5 Bb7 19. Rfc1 Rc8 20. b4 f6 21. Nd3 axb4 22. Qxb4 Ba6 23. Nf4 Qd7 24. Qxb6 Ra8 25. e5 fxe5 26. dxe5 Nc4 27. Qxc6 Nxe5 28. Qxd7 Nxd7 29. Ne6+ Kf7 30. Nxf8 Rxf8 31. Rc7 1-0

[Event "FRM-ch op"]
[Site "Struga"]
[Date "2021.07.26"]
[Round "4"]
[White "Risteski, Emil"]
[Black "Glavinac, Goran"]
[Result "0-1"]
[WhiteElo "2367"]
[BlackElo "2114"]
[PlyCount "76"]
[EventDate "2021.07.24"]
[EventType "swiss"]
[EventRounds "9"]
[EventCountry "MKD"]
[SourceTitle "CBM 203 Extra"]
[Source "ChessBase"]
[SourceDate "2021.09.30"]
[SourceVersion "1"]
[SourceVersionDate "2021.09.30"]
[SourceQuality "1"]

1. e4 c6 2. d4 d5 3. e5 Bf5 4. h4 h5 5. c4 e6 6. Nc3 Be7 7. Nf3 Bg4 8. cxd5 cxd5 9. Be2 Nc6 10. Be3 Nh6 11. Qd2 Nf5 12. g3 Rc8 13. Ng1 Nxe3 14. Qxe3 Qb6 15. Bxg4 hxg4 16. Nge2 Qxb2 17. 0-0 g5 18. hxg5 Qc2 19. Kg2 Qf5 20. Rh1 Kd7 21. Qf4 Qxg5 22. Rab1 b6 23. Qxg5 Bxg5 24. Rxh8 Rxh8 25. Rf1 f6 26. exf6 Bxf6 27. Rd1 Rf8 28. Nb1 b5 29. Na3 b4 30. Nc2 a5 31. Rb1 Kd6 32. Rb2 Rb8 33. f3 a4 34. fxg4 b3 35. axb3 axb3 36. Na1 Bxd4 37. Nxd4 Nxd4 38. g5 Ke5 0-1

[Event "FRM-ch op"]
[Site "Struga"]
[Date "2021.07.25"]
[Round "2"]
[White "Gjorgjevski, Janco"]
[Black "Glavinac, Goran"]
[Result "0-1"]
[WhiteElo "1904"]
[BlackElo "2114"]
[PlyCount "140"]
[EventDate "2021.07.24"]
[EventType "swiss"]
[EventRounds "9"]
[EventCountry "MKD"]
[SourceTitle "CBM 203 Extra"]
[Source "ChessBase"]
[SourceDate "2021.09.30"]
[SourceVersion "1"]
[SourceVersionDate "2021.09.30"]
[SourceQuality "1"]

1. c4 e5 2. Nc3 Nf6 3. g3 Bb4 4. Qc2 0-0 5. Bg2 Nc6 6. e3 Re8 7. Nge2 d6 8. a3 Bxc3 9. Nxc3 Bg4 10. h3 Bh5 11. 0-0 Bg6 12. d3 Bf5 13. b4 Qc8 14. b5 Ne7 15. Kh2 c6 16. f4 Bd7 17. fxe5 dxe5 18. Rxf6 gxf6 19. Ne4 Kg7 20. Qf2 Bf5 21. Nd6 Qd7 22. Nxe8+ Rxe8 23. bxc6 Nxc6 24. e4 Bg6 25. Qe3 Rd8 26. Qh6+ Kg8 27. Bf1 Nd4 28. Kg2 Qa4 29. Ra2 Rd6 30. h4 Qd1 31. Rf2 Ra6 32. Bb2 Bh5 33. Bxd4 exd4 34. Qf4 Qg4 35. Qb8+ Kg7 36. Qxb7 Qe6 37. Qb2 Qd6 38. Rf5 Bg4 39. c5 Qc7 40. Rf4 Qd7 41. Kh2 Be6 42. Bg2 Qa4 43. h5 h6 44. Bf3 Ra5 45. Qa1 Rxc5 46. Bd1 Qd7 47. a4 Rc3 48. Qb1 Qc6 49. Bg4 Rb3 50. Qe1 Rb2+ 51. Kh3 Qc2 52. Qh1 Qxd3 53. Bxe6 fxe6 54. Rg4+ Kf7 55. Rg6 Qe2 56. Rxh6 Kg7 57. Rg6+ Kh7 58. Rg4 d3 59. e5 f5 60. Rg5 Qh2+ 61. Qxh2 Rxh2+ 62. Kxh2 d2 63. Rg6 d1Q 64. Rxe6 Qxh5+ 65. Kg1 Qd1+ 66. Kh2 Qxa4 67. Rf6 Kg7 68. Kh3 Qg4+ 69. Kg2 Qe2+ 70. Kh3 Qxe5 0-1

[Event "Karposh CC-ch"]
[Site "Skopje"]
[Date "2021.07.02"]
[Round "7"]
[White "Glavinac, Goran"]
[Black "Dimkovski, Stojancho"]
[Result "1-0"]
[WhiteElo "2114"]
[BlackElo "1934"]
[PlyCount "120"]
[EventDate "2021.06.28"]
[EventType "tourn"]
[EventRounds "11"]
[EventCountry "MKD"]
[SourceTitle "EXT 2022"]
[Source "ChessBase"]
[SourceDate "2021.10.06"]
[SourceVersion "1"]
[SourceVersionDate "2021.10.06"]
[SourceQuality "1"]

1. d4 Nf6 2. c4 e6 3. Nf3 b6 4. g3 Bb7 5. Bg2 Bb4+ 6. Bd2 Be7 7. Nc3 d6 8. Qc2 Nbd7 9. 0-0 h6 10. e4 e5 11. Rad1 Qb8 12. Bc1 a6 13. Rfe1 0-0 14. b3 b5 15. Nd5 Bd8 16. dxe5 Nxe5 17. Nxe5 dxe5 18. c5 c6 19. Nxf6+ Bxf6 20. Rd6 Be7 21. Rd7 Re8 22. Bb2 Bc8 23. Rd3 a5 24. Qc3 f6 25. Bc1 Be6 26. f4 b4 27. Qc2 Qb5 28. Be3 a4 29. f5 axb3 30. axb3 Bf7 31. Bf1 Qb7 32. Red1 Red8 33. Rxd8+ Rxd8 34. Rxd8+ Bxd8 35. Bc4 Kh7 36. Qd3 Ba5 37. Be6 Qe7 38. Qd6 Qe8 39. Kf2 Bxe6 40. fxe6 Bd8 41. g4 Be7 42. Qd7 Qxd7 43. exd7 Kg6 44. Ke2 Kf7 45. Kd3 Ke6 46. Kc4 Kxd7 47. Kxb4 Bd8 48. Kc4 Be7 49. Bd2 Bf8 50. h4 g6 51. h5 gxh5 52. gxh5 Ke6 53. b4 f5 54. b5 cxb5+ 55. Kxb5 fxe4 56. c6 Bd6 57. Bxh6 Bc7 58. Be3 Kf5 59. Kc5 Ke6 60. h6 Kf6 1-0